El evangelio en un cambio de época

Saved in:
Bibliographic Details
Main Author: Espeja, Jesús (Author)
Format: Book
Language:Spanish
Published: Pamplona Verbo Divino 1996
Subjects:
Tags: Add Tag
No Tags, Be the first to tag this record!

MARC

LEADER 00000nam a2200000 a 4500
001 UCP4106
003 CL-VaPUC
008 990724e19960000SP |||||||||||||||||spa|d
082 0 4 |a 261.1  |b ESP  |2 21 
100 0 |a Espeja, Jesús  |e author  |9 431528 
245 1 3 |a El evangelio en un cambio de época 
300 |a 321 p 
942 |c BK 
945 |d 19990724 00:00:00  |a rbrito 
260 |a Pamplona  |b Verbo Divino  |c 1996 
650 0 |a Evangelios  |9 314864 
650 0 |a Cristianismo  |9 257361 
650 0 |a Iglesia   |9 255004 
650 0 |a Teología   |9 258766 
650 0 |a Libertad  |9 255686 
650 0 |a Simbolismo  |9 267046 
583 |a last modification  |c 20130402 06:14:54  |k Rodrigo Vera 
999 |c 282174  |d 282172 
952 |0 0  |1 0  |4 0  |6 261_100000000000000_ESP_1996  |7 0  |8 A  |9 323675  |a BIBTEO  |b BIBTEO  |d 2019-11-20  |i 3522369  |o 261.1 ESP 1996  |p 3522369  |r 2025-01-17  |w 2019-11-20  |y BK  |k ICR